| 000 | 00338nam a22001217a 4500 | ||
|---|---|---|---|
| 999 |
_c3345 _d3345 |
||
| 005 | 20201125151025.0 | ||
| 008 | 201125b ||||| |||| 00| 0 eng d | ||
| 020 | _a0340860014 | ||
| 040 | _cCML | ||
| 245 |
_aChess. _cHartson W. |
||
| 260 |
_aLondon _bHodder headline Ltd _c1996 |
||
| 942 |
_2ddc _cAUDIO _e1st Edition _h794 _mHAR |
||